[Event "Mercredi 2020.02.19 ABCD"]
[Site "Montreal CAN"]
[Date "2020.02.26"]
[Round "2"]
[White "Jean, Robert"]
[Black "Gates, Claude-Eric"]
[Result "1/2-1/2"]
[WhiteElo "1839"]
[BlackElo "1830"]
[PlyCount "112"]
[EventDate "2020.02.19"]
[EventType "swiss"]
[EventRounds "5"]
[EventCountry "CAN"]

1. d4 Nf6 2. c4 e5 3. dxe5 Ng4 4. Nf3 Bc5 5. e3 Nc6 6. Nc3 Ngxe5 7. Nxe5 Nxe5
8. f4 Ng6 9. Bd3 Qh4+ 10. g3 Qh3 11. Nd5 O-O 12. b4 Qg2 13. Rf1 c6 14. Qf3 Qxf3
15. Rxf3 Bd6 16. c5 Bb8 17. Nc3 d6 18. e4 Bg4 19. Re3 a5 20. Ba3 Bc7 21. b5
Rad8 22. Kf2 Rfe8 23. b6 Bb8 24. cxd6 Bxd6 25. Bxd6 Rxd6 26. e5 Rd4 27. Ne2 Rd7
28. Bc4 Kf8 29. Ra3 Rd2 30. Ke3 Rb2 31. Rb3 Rc2 32. Bd3 Rc5 33. Nc3 Ne7 34. Kd4
Rd8+ 35. Kxc5 Rxd3 36. Ne4 Rd5+ 37. Kc4 Be2+ 38. Kc3 Nf5 39. Re1 Bb5 40. Kb2
Bc4 41. Rc3 Rb5+ 42. Ka1 Bd5 43. Nd6 Nxd6 44. exd6 Be6 45. Rce3 g6 46. Rd1 Ke8
47. g4 Kd7 48. h4 h5 49. g5 Rxb6 50. Rb1 Rxb1+ 51. Kxb1 Kxd6 52. Re5 b5 53. a3
a4 54. Kb2 Bd5 55. Kc3 Be6 56. Kb4 Bd5 1/2-1/2

[Event "Mercredi 2020.02.19 ABCD"]
[Site "Montreal CAN"]
[Date "2020.02.26"]
[Round "2"]
[White "Latorre, Vincent"]
[Black "Guipi Bopala, Prince Eric jr"]
[Result "1/2-1/2"]
[WhiteElo "1866"]
[BlackElo "1857"]
[PlyCount "106"]
[EventDate "2020.02.19"]
[EventType "swiss"]
[EventRounds "5"]
[EventCountry "CAN"]

1. e4 e5 2. Nf3 Nc6 3. Bc4 Nd4 4. O-O Nxf3+ 5. Qxf3 Qf6 6. Nc3 Qxf3 7. gxf3 c6
8. d3 Ne7 9. f4 exf4 10. Bxf4 Ng6 11. Be3 Be7 12. d4 O-O 13. Rad1 Bd8 14. Kh1
Bc7 15. f4 d6 16. f5 Ne7 17. Bg5 Bd8 18. d5 Nxd5 19. Bd2 Nb6 20. Bb3 Bf6 21.
Bf4 Be5 22. Bg5 Re8 23. Rfe1 Bd7 24. a4 a5 25. Be3 Nc8 26. Bd4 Bxd4 27. Rxd4
Bxf5 28. Bxf7+ Kxf7 29. Rf1 Re5 30. exf5 d5 31. Rh4 h6 32. f6 gxf6 33. Rxh6 f5
34. Rh7+ Kf6 35. Rxb7 Ne7 36. b4 axb4 37. Rxb4 c5 38. Rbf4 Ke6 39. Ra1 Rh8 40.
Rf2 Nc6 41. Ne2 Kd6 42. c3 Rc8 43. Ng3 Rf8 44. Ne2 Rfe8 45. Ng3 Rf8 46. Ne2 Re3
47. Rd1 Re4 48. Ng3 Re5 49. Ne2 Re4 50. Ng3 Re5 51. Ne2 Ra8 52. Ng3 Re6 53.
Rdf1 Rf8 1/2-1/2

[Event "Mercredi 2020.02.19 ABCD"]
[Site "Montreal CAN"]
[Date "2020.02.26"]
[Round "2"]
[White "Lopez Linares, Lizandro"]
[Black "Abdelaal, Ibrahim"]
[Result "1-0"]
[WhiteElo "2230"]
[BlackElo "2023"]
[PlyCount "71"]
[EventDate "2020.02.19"]
[EventType "swiss"]
[EventRounds "5"]
[EventCountry "CAN"]

1. d4 Nf6 2. c4 c5 3. Nf3 e6 4. Nc3 d5 5. cxd5 exd5 6. g3 Nc6 7. Bg2 cxd4 8.
Nxd4 Bc5 9. Nxc6 bxc6 10. O-O O-O 11. Na4 Bd6 12. Qc2 Bd7 13. Be3 Re8 14. Bc5
Be5 15. Rfd1 Qc8 16. Rac1 Bf5 17. Qb3 Rb8 18. Qa3 Qa6 19. e3 Qe2 20. Re1 Qh5
21. f3 Bh3 22. Bd6 Bxg2 23. Kxg2 Rbc8 24. Bxe5 Qxe5 25. Qc5 h5 26. Rcd1 h4 27.
Qd4 Qf5 28. gxh4 c5 29. Qd2 Rc6 30. Qf2 d4 31. e4 Qf4 32. Qg3 Qh6 33. Qg5 Qh7
34. Kh1 Rce6 35. Rg1 Re5 36. Qxf6 1-0

[Event "Mercredi 2020.02.19 ABCD"]
[Site "Montreal CAN"]
[Date "2020.02.26"]
[Round "2"]
[White "Nesterov, Timour"]
[Black "Hagopian, Christian"]
[Result "1-0"]
[WhiteElo "1943"]
[BlackElo "1933"]
[PlyCount "115"]
[EventDate "2020.02.19"]
[EventType "swiss"]
[EventRounds "5"]
[EventCountry "CAN"]

1. d4 f5 2. c4 e6 3. Nc3 Nf6 4. g3 Be7 5. Bg2 O-O 6. Nf3 d6 7. Qc2 Qe8 8. e4
fxe4 9. Nxe4 Nxe4 10. Qxe4 Qf7 11. O-O Bf6 12. Bg5 Nd7 13. Rae1 Re8 14. Re2 h6
15. Bd2 e5 16. b3 Rb8 17. Rfe1 b6 18. Qc6 Bd8 19. Nxe5 Nxe5 20. dxe5 Bb7 21.
Qa4 Bxg2 22. Kxg2 dxe5 23. Rxe5 Rxe5 24. Rxe5 Bf6 25. Re2 Rf8 26. Qc6 Bd4 27.
f3 a5 28. Bf4 Bc5 29. Qxc7 Qf5 30. Qe5 Qb1 31. Be3 Bxe3 32. Qxe3 Qf5 33. Qe6+
Rf7 34. Qxf5 Rxf5 35. Re6 b5 36. Rc6 bxc4 37. Rxc4 Rd5 38. Ra4 Rd2+ 39. Kh3 Rd5
40. Kg4 g5 41. f4 gxf4 42. gxf4 Kf7 43. h4 Kg6 44. Re4 Kf6 45. Re5 Rd1 46. Rxa5
Rg1+ 47. Kf3 Rf1+ 48. Kg3 Rg1+ 49. Kf2 Rh1 50. h5 Rh2+ 51. Kf3 Rh3+ 52. Ke4 Rh2
53. b4 Re2+ 54. Kf3 Rc2 55. a4 Rc3+ 56. Kg4 Rc1 57. Ra6+ Kg7 58. b5 1-0

[Event "Mercredi 2020.02.19 ABCD"]
[Site "Montreal CAN"]
[Date "2020.02.26"]
[Round "2"]
[White "O'Connor, Michael"]
[Black "Kagle, Sasha"]
[Result "0-1"]
[WhiteElo "1740"]
[BlackElo "1704"]
[PlyCount "116"]
[EventDate "2020.02.19"]
[EventType "swiss"]
[EventRounds "5"]
[EventCountry "CAN"]

1. d4 Nf6 2. Nf3 g6 3. c4 Bg7 4. Nc3 O-O 5. e4 c5 6. d5 d6 7. Be2 e6 8. O-O
exd5 9. cxd5 a6 10. a4 Bg4 11. Nd2 Bxe2 12. Qxe2 Re8 13. Re1 Nh5 14. Qf1 Nd7
15. Nc4 Ne5 16. Bd2 Ng4 17. h3 Ne5 18. a5 Nxc4 19. Qxc4 Qh4 20. g4 Bd4 21. Qf1
Qg3+ 22. Qg2 Bxf2+ 23. Kh1 Qxg2+ 24. Kxg2 Bxe1 25. Bxe1 Nf4+ 26. Kh2 Nd3 27.
Bg3 Ne5 28. Kg2 Rab8 29. Na4 Rbd8 30. Bh4 Rd7 31. Nb6 Rc7 32. b3 c4 33. bxc4
Nxc4 34. Nxc4 Rxc4 35. Rb1 Rcxe4 36. Rxb7 Ra4 37. Rb6 Rxa5 38. Rxd6 Re5 39.
Rd8+ Kg7 40. d6 Ra2+ 41. Kf3 Rd5 42. Be7 Rad2 43. g5 f6 44. gxf6+ Kf7 45. Rh8
Rf5+ 46. Ke3 Rdd5 47. Rxh7+ Ke6 48. Rg7 a5 49. Rxg6 a4 50. Rg4 a3 51. Rg2 Ra5
52. Ra2 Rfb5 53. Kd4 Rb2 54. Ra1 a2 55. Re1+ Kf7 56. Kc3 Rb1 57. Kc2 Rxe1 58.
d7 Rd5 0-1

[Event "Mercredi 2020.02.19 ABCD"]
[Site "Montreal CAN"]
[Date "2020.02.26"]
[Round "2"]
[White "Zhe, Jia"]
[Black "Adam, Rafael"]
[Result "1-0"]
[WhiteElo "1921"]
[BlackElo "1915"]
[PlyCount "135"]
[EventDate "2020.02.19"]
[EventType "swiss"]
[EventRounds "5"]
[EventCountry "CAN"]

1. d4 d5 2. c4 e6 3. e3 Nf6 4. Nf3 Be7 5. Nc3 O-O 6. b3 Nbd7 7. Bb2 b6 8. Bd3
Bb7 9. O-O c5 10. Rc1 Rc8 11. Qe2 cxd4 12. exd4 Re8 13. Ne5 dxc4 14. Bxc4 Bd6
15. Rfd1 Nd5 16. g3 N7f6 17. Bd3 Nxc3 18. Bxc3 Ba3 19. Bb2 Qd5 20. f3 Bxb2 21.
Qxb2 Red8 22. Bb1 Qd6 23. Kf2 g6 24. h4 Ba6 25. Be4 Rxc1 26. Qxc1 Rc8 27. Qb2
Nxe4+ 28. fxe4 Qb4 29. Ng4 Qc3 30. Qxc3 Rxc3 31. Rd2 Bd3 32. d5 exd5 33. exd5
Bf5 34. d6 Rc8 35. Nh6+ Kg7 36. Nxf5+ gxf5 37. Kf3 Kf6 38. d7 Rd8 39. Kf4 Ke6
40. h5 h6 41. Rd4 Rxd7 42. Rxd7 Kxd7 43. Kxf5 Ke7 44. b4 Ke8 45. Kf6 Kf8 46. b5
Kg8 47. a3 Kf8 48. a4 Kg8 49. Ke7 Kg7 50. Kd7 Kf6 51. Kc7 Kg5 52. Kb7 Kg4 53.
Kxa7 Kxg3 54. Kxb6 f5 55. Kc6 f4 56. b6 f3 57. b7 f2 58. b8=Q+ Kg2 59. Qb1 f1=Q
60. Qxf1+ Kxf1 61. a5 Kg2 62. a6 Kg3 63. a7 Kh4 64. a8=Q Kxh5 65. Kd6 Kg4 66.
Qg2+ Kh4 67. Qh2+ Kg5 68. Ke5 1-0

[Event "Mercredi 2020.02.19 ABCD"]
[Site "Montreal CAN"]
[Date "2020.02.28"]
[Round "3"]
[White "Adam, Rafael"]
[Black "Latorre, Vincent"]
[Result "0-1"]
[WhiteElo "1915"]
[BlackElo "1866"]
[PlyCount "74"]
[EventDate "2020.02.19"]
[EventType "swiss"]
[EventRounds "5"]
[EventCountry "CAN"]

1. d4 Nf6 2. Bg5 c5 3. dxc5 e6 4. e3 Bxc5 5. Nd2 Nc6 6. Ngf3 d5 7. Be2 h6 8.
Bh4 O-O 9. O-O Be7 10. c3 e5 11. Qc2 Be6 12. Rfd1 Rc8 13. Rac1 Qc7 14. Qb1 Rfd8
15. h3 a6 16. Bg3 Rd7 17. Nd4 Bd6 18. Nxe6 fxe6 19. Nf3 e4 20. Bxd6 Qxd6 21.
Nd2 Rf7 22. Nxe4 Qe5 23. Ng3 h5 24. Bd3 Qg5 25. Nf1 e5 26. e4 Ne7 27. g3 Rcf8
28. Rd2 h4 29. Kg2 hxg3 30. fxg3 Nh5 31. Qc2 Nxg3 32. Nxg3 Rf3 33. Kh1 Rxg3 34.
Rcd1 Rxh3+ 35. Rh2 Qe3 36. Rdd2 Qe1+ 37. Kg2 Rg3# 0-1

[Event "Mercredi 2020.02.19 ABCD"]
[Site "Montreal CAN"]
[Date "2020.03.04"]
[Round "3"]
[White "Baran, Marius"]
[Black "O'Connor, Michael"]
[Result "1/2-1/2"]
[WhiteElo "1695"]
[BlackElo "1740"]
[PlyCount "51"]
[EventDate "2020.02.19"]
[EventType "swiss"]
[EventRounds "5"]
[EventCountry "CAN"]

1. e4 e5 2. Nf3 Nc6 3. d4 exd4 4. Bc4 Nf6 5. e5 d5 6. Bb5 Ne4 7. Nxd4 Bd7 8.
Bxc6 bxc6 9. O-O Bc5 10. f3 Ng5 11. f4 Ne6 12. c3 f5 13. Be3 O-O 14. Nd2 Rb8
15. Kh1 Bb6 16. b4 Bxd4 17. Bxd4 Nxd4 18. cxd4 Rxb4 19. Nb3 Qe7 20. Rf3 Rfb8
21. Nc5 R4b6 22. Ra3 Ra8 23. Rc1 Be8 24. Ra5 Qh4 25. Qd2 Qe7 26. h3 1/2-1/2

[Event "Mercredi 2020.02.19 ABCD"]
[Site "Montreal CAN"]
[Date "2020.03.04"]
[Round "3"]
[White "Gadbois, Patrick"]
[Black "Zhe, Jia"]
[Result "1-0"]
[WhiteElo "1887"]
[BlackElo "1921"]
[PlyCount "55"]
[EventDate "2020.02.19"]
[EventType "swiss"]
[EventRounds "5"]
[EventCountry "CAN"]

1. d4 c5 2. e3 Nf6 3. Bd3 Nc6 4. Nf3 d5 5. c3 e6 6. Nbd2 Qc7 7. O-O b6 8. e4
dxe4 9. Nxe4 Be7 10. dxc5 bxc5 11. Bg5 Bb7 12. Qe2 Rd8 13. Nxf6+ gxf6 14. Bh4
a6 15. Bxa6 Bxa6 16. Qxa6 O-O 17. Qe2 Kh8 18. Rfd1 Rb8 19. Bg3 e5 20. Nh4 Na5
21. Nf5 c4 22. Rd4 Rg8 23. Rh4 Rg5 24. Qe4 Rg6 25. Rd1 Bc5 26. Rh5 Rg5 27. Rxg5
fxg5 28. Bxe5+ 1-0

[Event "Mercredi 2020.02.19 ABCD"]
[Site "Montreal CAN"]
[Date "2020.03.04"]
[Round "3"]
[White "Gates, Claude-Eric"]
[Black "Giurgiev, Silvius"]
[Result "1/2-1/2"]
[WhiteElo "1830"]
[BlackElo "1813"]
[PlyCount "65"]
[EventDate "2020.02.19"]
[EventType "swiss"]
[EventRounds "5"]
[EventCountry "CAN"]

1. d4 d5 2. Nc3 Nf6 3. Bf4 Bf5 4. f3 e6 5. g4 Bg6 6. e3 h6 7. Bd3 Bxd3 8. Qxd3
c6 9. Nge2 Bd6 10. Bg3 Qe7 11. O-O-O Nbd7 12. h3 O-O-O 13. Kb1 Bxg3 14. Nxg3
Kb8 15. Na4 Qb4 16. b3 c5 17. c3 Qa5 18. Nxc5 Nxc5 19. dxc5 Qxc5 20. Rc1 Nd7
21. Qd4 Qxd4 22. cxd4 Rc8 23. Ne2 Rxc1+ 24. Rxc1 Rc8 25. Kb2 Rxc1 26. Nxc1 Kc7
27. Nd3 Kd6 28. Kc3 Kc6 29. h4 Kd6 30. g5 hxg5 31. hxg5 Kc6 32. f4 Kd6 33. Nf2
1/2-1/2

[Event "Mercredi 2020.02.19 ABCD"]
[Site "Montreal CAN"]
[Date "2020.03.04"]
[Round "3"]
[White "Gauthier, Luc"]
[Black "Allaire, Denis"]
[Result "1-0"]
[WhiteElo "1672"]
[BlackElo "1664"]
[PlyCount "85"]
[EventDate "2020.02.19"]
[EventType "swiss"]
[EventRounds "5"]
[EventCountry "CAN"]

1. e4 e5 2. Nf3 Nf6 3. Bc4 Nxe4 4. Nc3 Nc5 5. Nxe5 Ne6 6. d4 d6 7. Nf3 Be7 8.
O-O O-O 9. Re1 Re8 10. Bd3 Nf8 11. Nd5 h6 12. c3 Bg4 13. Ne3 Bh5 14. Bc4 Nbd7
15. Bb3 Bf6 16. Bd2 c6 17. Qe2 b5 18. Bd1 Nb6 19. Qf1 Qd7 20. h3 Bg6 21. Bc2
Bxc2 22. Nxc2 Ng6 23. Ne3 Re6 24. Ng4 Be7 25. b3 a5 26. Qd3 Rxe1+ 27. Rxe1 a4
28. c4 axb3 29. axb3 bxc4 30. bxc4 Ra4 31. Qb3 Bd8 32. c5 dxc5 33. dxc5 Nc4 34.
Qxa4 Nxd2 35. Nxd2 Qxd2 36. Rd1 Qg5 37. Qa8 h5 38. Ne3 Kh7 39. Qxd8 Qxc5 40.
Qd3 Qg5 41. Qe4 Kh6 42. Nf5+ Kh7 43. Nd6 1-0

[Event "Mercredi 2020.02.19 ABCD"]
[Site "Montreal CAN"]
[Date "2020.03.04"]
[Round "3"]
[White "Guipi Bopala, Prince Eric jr"]
[Black "Hernandez, Juan Felipe"]
[Result "1-0"]
[WhiteElo "1857"]
[BlackElo "1844"]
[PlyCount "67"]
[EventDate "2020.02.19"]
[EventType "swiss"]
[EventRounds "5"]
[EventCountry "CAN"]

1. d4 Nf6 2. c4 e6 3. Nc3 d5 4. cxd5 exd5 5. Bg5 Be7 6. e3 O-O 7. Bd3 c6 8. Qc2
g6 9. Nf3 Nh5 10. Bxe7 Qxe7 11. O-O Nd7 12. Rab1 Ndf6 13. b4 Ng7 14. b5 Bf5 15.
bxc6 Bxd3 16. Qxd3 bxc6 17. Rfc1 Ne4 18. Ne5 Rac8 19. Nxe4 dxe4 20. Qa6 c5 21.
Nc6 Rxc6 22. Qxc6 cxd4 23. exd4 e3 24. Qf3 exf2+ 25. Qxf2 Nf5 26. Re1 Qd7 27.
Rbd1 Rd8 28. d5 Nd6 29. Qf6 Re8 30. Rxe8+ Nxe8 31. Qc6 Qe7 32. d6 Qe3+ 33. Kh1
Qe2 34. Rc1 1-0

[Event "Mercredi 2020.02.19 ABCD"]
[Site "Montreal CAN"]
[Date "2020.03.04"]
[Round "3"]
[White "Hagopian, Christian"]
[Black "Lopez Linares, Lizandro"]
[Result "1-0"]
[WhiteElo "1933"]
[BlackElo "2230"]
[PlyCount "129"]
[EventDate "2020.02.19"]
[EventType "swiss"]
[EventRounds "5"]
[EventCountry "CAN"]

1. c4 Nf6 2. Nc3 c5 3. g3 e6 4. Bg2 d6 5. Nf3 Nbd7 6. O-O a6 7. d4 cxd4 8. Nxd4
Qc7 9. b3 Be7 10. Bb2 O-O 11. Rc1 Re8 12. Re1 Rb8 13. Ne4 Bf8 14. Nxf6+ Nxf6
15. e4 Bd7 16. Qd3 Rbd8 17. Rcd1 Bc8 18. h3 b6 19. Qe3 Nd7 20. Nf3 Bb7 21. e5
d5 22. cxd5 Bxd5 23. Rc1 Qb7 24. Nh4 Nc5 25. Red1 Be7 26. Bxd5 Rxd5 27. Nf3
Red8 28. Rxd5 Qxd5 29. Qe2 h6 30. Rc2 Ne4 31. Rc4 Nd2 32. Nxd2 Qxd2 33. Rc2
Qxe2 34. Rxe2 Rd1+ 35. Kg2 Bc5 36. Kh2 Kf8 37. Kg2 Ke7 38. Kf3 Kd7 39. Rc2 a5
40. Bc3 Kc6 41. Ke2 Rh1 42. h4 Kd5 43. Kf3 Rd1 44. Bb2 Re1 45. Rd2+ Kc6 46. Rc2
Rf1 47. Bd4 Rd1 48. Bxc5 bxc5 49. Ke2 Rd5 50. f4 Rd4 51. Rd2 Kd5 52. Ke3 Rxd2
53. Kxd2 Kd4 54. Kc2 h5 55. Kd2 c4 56. bxc4 Kxc4 57. Kc2 Kb4 58. Kb2 Ka4 59.
Ka1 Kb4 60. Kb2 a4 61. Kc2 a3 62. Kd3 Ka4 63. Kc4 f5 64. Kc5 g6 65. Kd6 1-0

[Event "Mercredi 2020.02.19 ABCD"]
[Site "Montreal CAN"]
[Date "2020.03.04"]
[Round "3"]
[White "Jean, Robert"]
[Black "Wang, Rachel"]
[Result "0-1"]
[WhiteElo "1839"]
[BlackElo "1797"]
[PlyCount "82"]
[EventDate "2020.02.19"]
[EventType "swiss"]
[EventRounds "5"]
[EventCountry "CAN"]

1. d4 d5 2. c4 dxc4 3. e3 e6 4. Bxc4 c5 5. Nf3 Nc6 6. O-O Nf6 7. Nc3 cxd4 8.
exd4 Be7 9. d5 exd5 10. Nxd5 O-O 11. Nxe7+ Qxe7 12. Re1 Qc5 13. Qc2 Kh8 14. Be3
Qa5 15. a3 Bf5 16. Qb3 Qc7 17. Qb5 Be4 18. Ng5 a6 19. Qb6 Qxb6 20. Bxb6 Bg6 21.
Bc5 Rfc8 22. Nxf7+ Bxf7 23. Bxf7 Nd8 24. Be7 Nxf7 25. Bxf6 gxf6 26. Re7 Kg8 27.
Rxb7 Rcb8 28. Rxb8+ Rxb8 29. b4 Nd6 30. Rc1 Rc8 31. Rxc8+ Nxc8 32. f3 Nb6 33.
Kf2 Kf7 34. Ke3 Nc4+ 35. Kd4 Nxa3 36. Kc5 Ke6 37. g3 Ke5 38. h4 f5 39. h5 Nc2
40. b5 axb5 41. Kxb5 Nd4+ 0-1

[Event "Mercredi 2020.02.19 ABCD"]
[Site "Montreal CAN"]
[Date "2020.03.04"]
[Round "3"]
[White "Pomerantz, Daniel"]
[Black "Nesterov, Timour"]
[Result "1/2-1/2"]
[WhiteElo "2208"]
[BlackElo "1943"]
[PlyCount "83"]
[EventDate "2020.02.19"]
[EventType "swiss"]
[EventRounds "5"]
[EventCountry "CAN"]

1. e4 e6 2. d4 d5 3. Nd2 Nf6 4. e5 Nfd7 5. Bd3 c5 6. c3 Nc6 7. Ne2 cxd4 8. cxd4
f6 9. exf6 Nxf6 10. O-O Bd6 11. Nf3 O-O 12. Bf4 Nh5 13. Bxd6 Qxd6 14. Qc2 h6
15. Bh7+ Kh8 16. Nh4 Ne7 17. Ng6+ Nxg6 18. Bxg6 Nf4 19. Nxf4 Qxf4 20. Qd3 Bd7
21. g3 Qf6 22. f4 a6 23. a4 Rac8 24. b3 Rc7 25. Rac1 Rfc8 26. Rxc7 Rxc7 27. Rf2
b5 28. f5 exf5 29. Bxf5 Bxf5 30. Rxf5 Rc3 31. Rxf6 Rxd3 32. Rxa6 Rxd4 33. axb5
Rb4 34. b6 Rxb3 35. Kf2 Kg8 36. Ke2 Kf7 37. Kd2 Ke6 38. Kc2 Rb5 39. Kc3 Ke5 40.
Ra7 Rxb6 41. Rxg7 d4+ 42. Kd3 1/2-1/2

[Event "Mercredi 2020.02.19 ABCD"]
[Site "Montreal CAN"]
[Date "2020.03.11"]
[Round "4"]
[White "Abdelaal, Ibrahim"]
[Black "Nesterov, Timour"]
[Result "1/2-1/2"]
[WhiteElo "2023"]
[BlackElo "1943"]
[PlyCount "84"]
[EventDate "2020.02.19"]
[EventType "swiss"]
[EventRounds "5"]
[EventCountry "CAN"]

1. e4 e6 2. d3 d5 3. Nd2 c5 4. Ngf3 Nc6 5. g3 Nf6 6. Bg2 Be7 7. O-O O-O 8. e5
Nd7 9. Re1 Qc7 10. Qe2 b5 11. h4 Bb7 12. Nf1 Rac8 13. Bf4 Rfd8 14. Ne3 Nd4 15.
Qd1 Nxf3+ 16. Bxf3 Nxe5 17. Bxe5 Qxe5 18. Nxd5 Qd6 19. Nxe7+ Qxe7 20. a4 a6 21.
axb5 axb5 22. Qe2 h6 23. Be4 Bd5 24. Ra5 Qb7 25. Bxd5 Rxd5 26. Rea1 Rd7 27. Qe5
Qc6 28. Ra6 Qd5 29. Qxd5 Rxd5 30. Rb6 c4 31. Ra7 cxd3 32. cxd3 Rxd3 33. Rxb5
Rf3 34. Kg2 Rf6 35. Ra3 g6 36. b4 Rc2 37. Rf3 Kg7 38. Rb8 Rb2 39. b5 e5 40.
Rxf6 Kxf6 41. b6 e4 42. Re8 Rxb6 1/2-1/2

[Event "Mercredi 2020.02.19 ABCD"]
[Site "Montreal CAN"]
[Date "2020.03.11"]
[Round "4"]
[White "Adam, Rafael"]
[Black "Gadbois, Patrick"]
[Result "1-0"]
[WhiteElo "1915"]
[BlackElo "1887"]
[PlyCount "81"]
[EventDate "2020.02.19"]
[EventType "swiss"]
[EventRounds "5"]
[EventCountry "CAN"]

1. d4 e6 2. c4 d5 3. Nc3 c6 4. e3 Bd6 5. Nf3 Nd7 6. b3 f5 7. g3 Ngf6 8. Bg2 Ne4
9. Bd2 Qf6 10. O-O O-O 11. Qc2 g5 12. Ne2 Rf7 13. Qb2 h5 14. h4 g4 15. Ne1 Nf8
16. Nd3 Ng6 17. Nef4 Nxf4 18. Nxf4 Bxf4 19. exf4 Bd7 20. Rab1 Rd8 21. Be3 Bc8
22. Rfc1 b6 23. cxd5 cxd5 24. Bf1 Bb7 25. Rc2 Rdd7 26. Rbc1 Qg7 27. Qa3 a5 28.
Qa4 Rc7 29. Qe8+ Kh7 30. Rxc7 Rxc7 31. Qxh5+ Kg8 32. Qe8+ Kh7 33. Rxc7 Qxc7 34.
Qxe6 Bc8 35. Qxd5 Qc3 36. Qf7+ Kh8 37. h5 Nxg3 38. h6 Nh5 39. Qxh5 Qc7 40. d5
Qe7 41. Qg6 1-0

[Event "Mercredi 2020.02.19 ABCD"]
[Site "Montreal CAN"]
[Date "2020.03.11"]
[Round "4"]
[White "Dompierre, Remi"]
[Black "Allaire, Denis"]
[Result "1-0"]
[WhiteElo "1636"]
[BlackElo "1664"]
[PlyCount "51"]
[EventDate "2020.02.19"]
[EventType "swiss"]
[EventRounds "5"]
[EventCountry "CAN"]

1. e4 e5 2. Nf3 Nf6 3. Nc3 Bb4 4. Bc4 Bxc3 5. dxc3 d6 6. Bg5 h6 7. Bxf6 Qxf6 8.
h3 O-O 9. Qd3 Nd7 10. O-O-O a6 11. Qe3 Nc5 12. g4 Be6 13. Bd3 g5 14. Rdg1 Bxa2
15. b3 a5 16. h4 a4 17. hxg5 Nxd3+ 18. cxd3 Qe6 19. c4 axb3 20. Rxh6 f6 21.
gxf6 Rxf6 22. Qg5+ Kf7 23. Rh7+ Ke8 24. Qh5+ Rg6 25. Nh4 Qf6 26. Qxg6+ 1-0

[Event "Mercredi 2020.02.19 ABCD"]
[Site "Montreal CAN"]
[Date "2020.03.11"]
[Round "4"]
[White "Gates, Claude-Eric"]
[Black "Fortin-Lavoie, Patrice"]
[Result "1-0"]
[WhiteElo "1830"]
[BlackElo "1766"]
[PlyCount "57"]
[EventDate "2020.02.19"]
[EventType "swiss"]
[EventRounds "5"]
[EventCountry "CAN"]

1. d4 d5 2. Nc3 Bf5 3. Bf4 c6 4. f3 Nf6 5. g4 Bg6 6. h4 h6 7. e3 e6 8. h5 Bh7
9. Bd3 Bd6 10. Bxd6 Qxd6 11. Nge2 e5 12. dxe5 Qxe5 13. Qd2 Nbd7 14. O-O-O O-O-O
15. Bxh7 Nxh7 16. Nd4 Nb6 17. Rhe1 Nc4 18. Qf2 Nf6 19. e4 Qf4+ 20. Kb1 Nxg4 21.
Qh4 Nd2+ 22. Ka1 c5 23. Nxd5 Rxd5 24. exd5 Nxf3 25. Nxf3 Qxf3 26. Rf1 Qe2 27.
Rde1 Qc4 28. Rxf7 Rd8 29. Qe7 1-0

[Event "Mercredi 2020.02.19 ABCD"]
[Site "Montreal CAN"]
[Date "2020.03.11"]
[Round "4"]
[White "Giurgiev, Silvius"]
[Black "Jean, Robert"]
[Result "1/2-1/2"]
[WhiteElo "1813"]
[BlackElo "1839"]
[PlyCount "68"]
[EventDate "2020.02.19"]
[EventType "swiss"]
[EventRounds "5"]
[EventCountry "CAN"]

1. e4 c5 2. Nf3 d6 3. c3 Nf6 4. Bd3 Nc6 5. Bc2 e5 6. O-O Be7 7. d3 O-O 8. Re1
Qc7 9. Nbd2 Be6 10. Ng5 Bg4 11. Ngf3 Rac8 12. Nf1 b5 13. Ng3 b4 14. h3 Bd7 15.
Bd2 Rfd8 16. Ba4 a5 17. Bxc6 Bxc6 18. c4 Bd7 19. Nh2 Ra8 20. Nhf1 a4 21. Ne3 g6
22. Rf1 Rdb8 23. f4 exf4 24. Rxf4 Be6 25. Rf3 Nd7 26. Qe2 Ne5 27. Rff1 Bf8 28.
Rab1 Bg7 29. Nh1 h5 30. Nf2 Qd7 31. Nd5 Bxd5 32. exd5 Re8 33. Qd1 f5 34. Bf4
Nf7 1/2-1/2

[Event "Mercredi 2020.02.19 ABCD"]
[Site "Montreal CAN"]
[Date "2020.03.11"]
[Round "4"]
[White "Hagopian, Christian"]
[Black "Pomerantz, Daniel"]
[Result "0-1"]
[WhiteElo "1933"]
[BlackElo "2208"]
[PlyCount "118"]
[EventDate "2020.02.19"]
[EventType "swiss"]
[EventRounds "5"]
[EventCountry "CAN"]

1. c4 Nf6 2. Nc3 e6 3. a3 c5 4. g3 Nc6 5. Bg2 d5 6. b3 d4 7. Ne4 e5 8. d3 Nxe4
9. Bxe4 Be6 10. Bg2 Qd7 11. Nf3 Be7 12. O-O O-O 13. Ng5 Bxg5 14. Bxg5 Bh3 15.
Re1 Bxg2 16. Kxg2 f5 17. Bd2 f4 18. f3 Rf6 19. g4 h5 20. h3 Kf7 21. Rh1 Rh8 22.
g5 Rg6 23. h4 Ne7 24. Be1 Nf5 25. Bf2 b5 26. Qc2 Rb6 27. Rhb1 Rc8 28. Ra2 Qe6
29. Rab2 bxc4 30. bxc4 Rcb8 31. Rxb6 Rxb6 32. Rb3 Qc6 33. Qb2 Qb7 34. Rb5 Nd6
35. Rxb6 Qxb6 36. Qxb6 axb6 37. Be1 Ke6 38. a4 Nf5 39. Bf2 Kd6 40. Kf1 Kc6 41.
Ke1 Kb7 42. Kd1 Ka6 43. Be1 Ne3+ 44. Kc1 Ng2 45. Bf2 Ka5 46. Kb2 Kxa4 47. Ka2
Ne3 48. Bxe3 fxe3 49. g6 b5 50. cxb5 Kxb5 51. Kb3 Kb6 52. Kc4 Kc6 53. Kb3 Kb5
54. Kb2 Kb4 55. Kc2 c4 56. dxc4 Kxc4 57. Kd1 Kb3 58. Kc1 Kc3 59. Kd1 Kb2 0-1

[Event "Mercredi 2020.02.19 ABCD"]
[Site "Montreal CAN"]
[Date "2020.03.11"]
[Round "4"]
[White "Latorre, Vincent"]
[Black "Hernandez, Juan Felipe"]
[Result "1-0"]
[WhiteElo "1866"]
[BlackElo "1844"]
[PlyCount "107"]
[EventDate "2020.02.19"]
[EventType "swiss"]
[EventRounds "5"]
[EventCountry "CAN"]

1. e4 c5 2. Nf3 Nc6 3. d4 cxd4 4. Nxd4 Nf6 5. Nc3 e5 6. Ndb5 d6 7. Bg5 a6 8.
Na3 b5 9. Nd5 Be7 10. Bxf6 Bxf6 11. c3 O-O 12. Bd3 Bg5 13. Nc2 Rb8 14. Nce3
Bxe3 15. Nxe3 Ne7 16. O-O Be6 17. Bc2 d5 18. exd5 Nxd5 19. Qh5 f5 20. Nxd5 Qxd5
21. Bb3 Qc6 22. Rfe1 e4 23. Rad1 Bxb3 24. axb3 Qe6 25. b4 Rbd8 26. Qg5 Qf6 27.
Qe3 Rd6 28. f3 Re8 29. Qc5 Rxd1 30. Rxd1 e3 31. f4 Qe6 32. Re1 Qe4 33. Qd4 Qe6
34. Kf1 Kf7 35. Kg1 h6 36. Kf1 g5 37. h3 gxf4 38. Qxf4 Kg6 39. Qg3+ Kh7 40. Qf4
Kg6 41. Qg3+ Kf7 42. Qf4 Qe4 43. Qxe4 Rxe4 44. Ke2 f4 45. Kf3 Rc4 46. g3 fxg3
47. Rxe3 g2 48. Kxg2 Rf4 49. Rf3 Rxf3 50. Kxf3 Ke6 51. Kf4 Kd5 52. b3 Ke6 53.
c4 bxc4 54. bxc4 1-0

[Event "Mercredi 2020.02.19 ABCD"]
[Site "Montreal CAN"]
[Date "2020.03.11"]
[Round "4"]
[White "O'Connor, Michael"]
[Black "Gauthier, Luc"]
[Result "0-1"]
[WhiteElo "1740"]
[BlackElo "1672"]
[PlyCount "74"]
[EventDate "2020.02.19"]
[EventType "swiss"]
[EventRounds "5"]
[EventCountry "CAN"]

1. d4 d5 2. Nf3 Nc6 3. Bf4 Bf5 4. c3 e6 5. e3 Bd6 6. Bxd6 cxd6 7. Bd3 Bxd3 8.
Qxd3 Qb6 9. b3 Nf6 10. Nfd2 Rc8 11. O-O O-O 12. e4 dxe4 13. Nxe4 Nxe4 14. Qxe4
d5 15. Qd3 Qa5 16. f4 Ne7 17. a4 Nf5 18. Rc1 Qb6 19. Nd2 Rc6 20. a5 Qc7 21. g3
Rc8 22. c4 dxc4 23. Rxc4 Qd7 24. Rxc6 Rxc6 25. Nf3 Qc7 26. b4 Rc3 27. Qb5 Nd6
28. Qe2 Qc6 29. Rf1 Rc2 30. Qd3 h6 31. Rf2 Rc3 32. Qe2 Ne4 33. Ne5 Qd5 34. Rf3
Qxd4+ 35. Kg2 Rc1 36. Rd3 Qg1+ 37. Kh3 Nf2+ 0-1